| 000 | 00846nam a22002777a 4500 | ||
|---|---|---|---|
| 003 | CHAP | ||
| 005 | 20230619120816.0 | ||
| 008 | 971013s1974 r 00010 d | ||
| 010 | _a17482 | ||
| 011 | _a18454 | ||
| 035 | _a22539 | ||
| 040 | _cCHAP | ||
| 082 |
_a641.18 _bB5 |
||
| 100 | 1 | 0 |
_aBirch, Gordon Gerard _eed. _912899 |
| 245 | _aVitamin C ; recent aspects of its physiological and technological importance | ||
| 260 |
_aLondon : _bApplied Science, _c1974 |
||
| 300 |
_a259 p. _b; gráfs. |
||
| 590 |
_aBATCH-UPD _b10 _c20130110 _lUCH01 _h0328 |
||
| 590 |
_aBATCH-UPD _b10 _c20130110 _lUCH01 _h2206 |
||
| 590 |
_aCONVERSION _b10 _c20130109 _lUCH01 _h1311 |
||
| 650 | 1 | 4 |
_aVitaminas (C) _9120014 |
| 700 | 0 |
_aParker, K. J. _985598 |
|
| 901 | _aBK | ||
| 942 | _cLIBRO | ||
| 949 |
_a641.18 B5 _bBC _cLIBRO _d33724000277562 _eLIBRO _h53359 _i22539 _si |
||
| 999 |
_c17482 _d17482 |
||